| 000 | 01286pam a2200349 a 4500 | ||
|---|---|---|---|
| 001 | 2910428 | ||
| 003 | SISC | ||
| 005 | 20160406134025.0 | ||
| 008 | 880711s1989 caua b 001 0 eng | ||
| 010 | _a 88018567 | ||
| 020 | _a0803931158 | ||
| 020 | _a0803931166 (pbk.) | ||
| 040 |
_aDLC _cDLC _dDLC |
||
| 043 | _anwbb--- | ||
| 050 | 0 | 0 |
_aHB 966.5.B35 _b.H36 1989 vol.2 |
| 082 | 0 | 0 |
_aHS 304.63 _bH19 1989 |
| 100 | 1 |
_aHandwerker, W. Penn. _911638 |
|
| 245 | 1 | 0 |
_aWomen's power and social revolution : _bfertility transition in the West Indies / _cW. Penn Handwerker. |
| 260 |
_aNewbury Park : _bSage Publications, _cc1989. |
||
| 300 |
_a254 p. : _bill. ; _c23 cm. |
||
| 440 | 0 |
_aFrontiers of anthropology ; _vv. 2 _911639 |
|
| 500 | _aIncludes bibliographical references and index. | ||
| 650 | 0 |
_aFertility, Human _zBarbados. _911640 |
|
| 650 | 0 |
_aDemographic transition _zBarbados. _911641 |
|
| 650 | 0 |
_aWomen's rights _zBarbados. _911642 |
|
| 650 | 0 |
_aFamilies _zBarbados. _911643 |
|
| 856 | 4 | 2 |
_3Publisher description _uhttp://www.loc.gov/catdir/enhancements/fy0655/88018567-d.html |
| 856 | 4 | 1 |
_3Table of contents only _uhttp://www.loc.gov/catdir/enhancements/fy0655/88018567-t.html |
| 906 |
_a7 _bcbc _corignew _d1 _eocip _f19 _gy-gencatlg |
||
| 942 |
_2lcc _cBK |
||
| 999 |
_c8881 _d8881 |
||